Problémy stability a bezpečnosti súčasného sveta
Medzinárodná scéna sa dynamicky transformuje ku globálnemu rozmeru vo všetkých sférach. Rozpad blokového systému spôsobil depolarizáciu a rozptýlenie moci. Koniec globálnej ideologickej konfrontácie uvoľnil priestor pre etnické a náboženské konflikty, regionálnu nestabilitu a občianske vojny. Hrozby...
Enregistré dans:
| Auteur principal: | |
|---|---|
| Format: | Chapitre de livre |
| Langue: | slovaque |
| Sujets: | |
| Tags: |
Pas de tags, Soyez le premier à ajouter un tag!
|
MARC
| LEADER | 00000naa$a2200000$$$4500 | ||
|---|---|---|---|
| 001 | 0052618 | ||
| 005 | 20240502071616.9 | ||
| 041 | 0 | |a slo | |
| 044 | |a SK | ||
| 245 | 1 | 0 | |a Problémy stability a bezpečnosti súčasného sveta |c Ján Liďák |
| 520 | |a Medzinárodná scéna sa dynamicky transformuje ku globálnemu rozmeru vo všetkých sférach. Rozpad blokového systému spôsobil depolarizáciu a rozptýlenie moci. Koniec globálnej ideologickej konfrontácie uvoľnil priestor pre etnické a náboženské konflikty, regionálnu nestabilitu a občianske vojny. Hrozby pre súčasný vývoj sveta. Problémy fundamentalizmu a terorizmu. | ||
| 610 | 2 | 0 | |a bezpečnosť |
| 610 | 2 | 0 | |a stabilita politická |
| 610 | 2 | 0 | |a globalizácia |
| 610 | 2 | 0 | |a konflikty |
| 610 | 2 | 0 | |a konflikty etnické |
| 610 | 2 | 0 | |a konflikty náboženské |
| 610 | 2 | 0 | |a vojny |
| 610 | 2 | 0 | |a fundamentalizmus |
| 610 | 2 | 0 | |a terorizmus |
| 610 | 2 | 0 | |a svet |
| 100 | 1 | |a Liďák, Ján | |